00644 2200229 4500001002100000005001500021035002000036007000300056008004100059020002200100082001100122084001500133100001900148245009600167260002900263300003800292650002700330700002200357520001100379990001200390990001200402INLIS00000000000168420180306105557 a0010-0318000027ta180306 g 0 ind  a978-602-412-017-7 a321.92 a321.92 GTI0 aKURASAWA, Aiko1 aG30S dan Asia: Dalam Bayang-bayang Perang Dingin /ceditor, Kurasawa Aiko, Matsumura Toshio aJakarta :bKompas,c2016 axxvi, 306 hlm. :bilus. ;c21 cm. aREVIONISME (KOMUNISME)0 aMATSUMURA, Toshio aindeks a16434 a a16434 b